| 000 | 00517nam a22001817a 4500 | ||
|---|---|---|---|
| 003 | CEME | ||
| 005 | 20210628201627.0 | ||
| 008 | 210212b xxu||||| |||| 00| 0 eng d | ||
| 020 | _a87762-837-8 | ||
| 040 | _c. | ||
| 082 | _a620.118 SKU | ||
| 100 |
_aBulavs, F.Ya Gurvich, M.R Kruklinsh, A.A _956075 |
||
| 245 | _aStructural analysis of composite beam systems | ||
| 260 |
_aUSA _bTECHNOMIC PUBLISHER _c1991 |
||
| 300 | _aIX,299P | ||
| 650 |
_aCOMPOSITE BEAM SYSTEMS-STRUCTURAL ANALYSIS _956076 |
||
| 942 |
_cBK _2ddc |
||
| 999 |
_c566604 _d566604 |
||